000 04431cam a22004578i 4500
001 21454322
005 20260606145918.0
006 m |o d |
007 cr |||||||||||
008 200219s2020 ii ob 001 0 eng
010 _a 2020008437
020 _a9789353883201
_q(ebook)
020 _a9789353883195
_q(epub)
020 _z9789353883188
_q(hardback)
035 _a21454322
040 _aDLC
_beng
_cDLC
_erda
042 _apcc
043 _aa-ii---
050 0 0 _aLB2341.8.I4
082 0 0 _a378.1010954
245 0 0 _aGovernance and management of higher education in India /
_cEdited by N. V. Varghese, Garima Malik.
263 _a2006
264 1 _aNew Delhi, India ;
_aThousand Oaks :
_bSAGE Publications India Pvt Ltd,
_c2020.
300 _a1 online resource
336 _atext
_btxt
_2rdacontent
337 _acomputer
_bc
_2rdamedia
338 _aonline resource
_bcr
_2rdacarrier
504 _aIncludes bibliographical references and index.
505 0 _aGovernance of higher education in India: an introduction / N.V. Varghese and Garima Malik -- Part I: Governance and management: macro issues -- State, market and governance of higher education / Kuldeep Mathur -- Regulation of higher education in India / Furqan Qamar -- The state councils of higher education: a case for strengthening intermediary agencies/ I. Ramabrahmam and G. Umamaheswararao -- Accountability measures to improve governance / M. Anandakrishnan -- Part II: Governance and management: institutional issues -- Governance and management of affiliated colleges / Mohd Muzammil -- Management of autonomous colleges: a movement from academic colonialism to freedom and democratization of higher education / G. D. Sharma -- Governance and autonomy: a study of central and state universities / Garima Malik -- Governance and management of higher education at the institutional level: reality, concerns and transmutation / Rakesh Raman -- Managing transition from 'state' to 'central' university in the University of Allahabad: sssues and challenges- a Vice Chancellor's perspective / Rajen Harshe -- Part III: Managing quality at the institutional level -- Managing quality and excellence: conceptual and institutional factors / Supriya Chaudhuri -- Managing quality and excellence at the institutional level: a study of Bharathiar University / Narayanan Annalakshmi, Rajalakshmi Bhavana and Bhuvana Esther -- The political economy of governance in higher education: temporary teachers phenomenon / Sudhanshu Bhushan -- Leveraging technology to solve the pentagon puzzle of higher education in India / Pankaj Mittal -- Managing student diversity in Indian higher education institutions: achieving academic integration and social inclusion / Nidhi S. Sabharwa.
520 _a"Governance in education is well recognized as critical to institutional performance and effectiveness. Governance and Management of Higher Education in India is the fifth book in the series India Higher Education Report initiated by the Centre for Policy Research in Higher Education, National Institute of Educational Planning and Administration. The book examines macro issues of governance, focusing on the role of the state and market, regulation at national and state levels, and accountability measures. It also looks at institutional issues of autonomy, affiliation, teacher recruitment, and managing quality and excellence. The discussions in the book centre on theoretical perspectives and empirical evidences. The volume will be an important resource for academics, policy makers as well as scholars and researchers of public policy, political science and economics"--
_cProvided by publisher.
588 _aDescription based on print version record and CIP data provided by publisher; resource not viewed.
650 0 _aUniversities and colleges
_zIndia
_xAdministration.
650 0 _aHigher education and state
_zIndia.
700 1 _aVarghese, N. V.,
_eeditor.
700 1 _aMalik, Garima,
_eeditor.
776 0 8 _iPrint version:
_tGovernance and management of higher education in India
_dNew Delhi, India ; Thousand Oaks : SAGE Publications India Pvt Ltd, 2020.
_z9789353883188
_w(DLC) 2020008436
856 _uhttps://sk.sagepub.com/books/governance-and-management-of-higher-education-in-india
_yRead SAGE E-Book
906 _a7
_bcbc
_corignew
_d1
_eecip
_f20
_gy-gencatlg
942 _2ddc
_cEBOOK
999 _c44754
_d44754